Zmesi biodegradovateľných polymérov na báze obnoviteľných zdrojov

Uložené v:
Podrobná bibliografia
Hlavný autor: Perďochová, Dagmara (Autor)
Ďalší autori: Alexy, Pavel (Vedúci práce)
Médium: Rukopis Kniha
Jazyk:Slovak
Vydavateľské údaje: 2019
Predmet:
On-line prístup:http://is.stuba.sk/zp/portal_zp.pl?podrobnosti=127864
Tagy: Pridať tag
Žiadne tagy, Buďte prvý, kto otaguje tento záznam!

MARC

LEADER 00000ntm a22000003a 4500
001 stuzp54611
003 SK-STU
005 20190824210722.4
007 ta
008 150427s2015----xo-----f-mn---000-0-slo-d
040 |a STU  |b slo 
041 0 |a slo 
100 1 |a Perďochová, Dagmara  |u 049370  |k Z3  |4 aut  |U FCHPT Ústav prírodných a syntetických polymérov  |T FCHPT Oddelenie plastov, kaučuku a vlákien  |X 43393  |U C9370  |Y 128  |7 43393 
242 0 1 |a Biodegradable polymer blends based on renewable resources  |y eng 
245 1 0 |a Zmesi biodegradovateľných polymérov na báze obnoviteľných zdrojov 
260 |c 2019 
650 4 |a PHB  |2 slo 
650 4 |a nukleačné činidlo  |2 slo 
650 4 |a PLA  |2 slo 
650 4 |a vstrekovanie  |2 slo 
650 4 |a kyselina polymliečna  |2 slo 
650 4 |a polyhydroxybutyrát  |2 slo 
650 4 |a kryštalizácia  |2 slo 
650 4 |a polylactic acid  |2 eng 
650 4 |a PLA  |2 eng 
650 4 |a polyhydroxybutyrate  |2 eng 
650 4 |a PHB  |2 eng 
650 4 |a nucleating agent  |2 eng 
650 4 |a crystallization  |2 eng 
650 4 |a injection moulding  |2 eng 
700 1 |a Alexy, Pavel  |u 049370  |k Z1  |4 ths  |U FCHPT Ústav prírodných a syntetických polymérov  |T FCHPT Oddelenie plastov, kaučuku a vlákien  |X 3899  |U C9370  |Y 128  |7 A000003899 
856 4 |u http://is.stuba.sk/zp/portal_zp.pl?podrobnosti=127864